[Event "Volgograd"]
[Site "Volgograd"]
[Date "1994.??.??"]
[Round "3"]
[White "Shmuter, Leonid"]
[Black "Tregubov, Pavel V"]
[Result "1-0"]
[WhiteElo "2460"]
[BlackElo "2495"]
[Annotator "Ernst,T"]
[PlyCount "149"]
[EventDate "1994.??.??"]
[EventType "tourn"]
[EventRounds "13"]
[EventCountry "NED"]
[EventCategory "8"]
[SourceTitle "CBM 041"]
[Source "ChessBase"]
[SourceDate "1994.08.01"]
[SourceVersion "1"]
[SourceVersionDate "1994.08.01"]
[SourceQuality "1"]

1. e4 c5 2. Nf3 e6 3. d4 cxd4 4. Nxd4 Nc6 5. Nb5 d6 6. c4 Nf6 7. N1c3 a6 8. Na3
b6 9. Be2 Bb7 10. O-O Be7 11. Be3 Nb8 12. f3 Nbd7 (12... d5 13. cxd5 exd5 14.
e5 Ng8 15. Qd2 Bc5 16. Rad1 Ne7 17. Nc4 $1 $14) 13. Qd2 Qc7 14. Rac1 O-O 15.
Rfd1 Rac8 16. Bf4 Ne5 17. Bg3 Qb8 18. Qd4 $1 Nfd7 19. Kh1 Rfd8 20. Qe3 Bf8 21.
f4 Nc6 22. Nc2 Qa8 23. b3 Ne7 24. Nd4 g6 25. Bh4 Re8 26. Bf3 Bh6 27. Nde2 e5
28. Bg5 Bf8 (28... Bxg5 29. fxg5 $14) 29. Qf2 Nc5 30. Ng3 Ne6 $6 31. Bg4 Rc5
32. Bxe6 fxe6 33. fxe5 Nc6 (33... dxe5 34. Rf1 $16) 34. Na4 Nxe5 (34... Rxe5
35. Nxb6 Qa7 36. Be3 $16) 35. Nxc5 bxc5 36. Bf4 $16 Nf7 37. Re1 Bg7 38. Rcd1
Bd4 39. Be3 Be5 40. Bf4 Bd4 41. Qd2 a5 42. a3 Qa6 43. Qc2 Qb6 44. Ne2 e5 45.
Bd2 Nd8 46. Nc3 Bxc3 47. Qxc3 Nc6 48. Bh6 $1 Nd4 49. Re3 a4 50. bxa4 Qc6 51.
Qb2 Ba6 52. Rc1 Qxa4 53. Qb6 Qc6 54. Qxc6 Nxc6 55. Rf3 $40 Nd8 56. Rcf1 Ne6 57.
Rd1 Rd8 58. Rc1 Bb7 59. Rf6 Ng7 (59... Nd4 60. Rcf1 $18) 60. Rd1 Bxe4 61. Bxg7
Kxg7 62. Rfxd6 Ra8 63. Re6 Rxa3 64. Rxe5 Ba8 65. Rxc5 Ra2 66. Rg1 h5 67. h3 Rc2
68. h4 Be4 69. Kh2 Bd3 70. Re1 Rxc4 71. Rxc4 Bxc4 72. Kg3 Bd3 73. Kf4 Kh6 74.
Re6 Bc2 75. Ke5 1-0

[Event "Valby K41"]
[Site "Valby"]
[Date "1991.??.??"]
[Round "3"]
[White "Nielsen, Peter Heine"]
[Black "Razuvaev, Yuri S"]
[Result "0-1"]
[WhiteElo "2445"]
[BlackElo "2590"]
[Annotator "Ernst,T"]
[PlyCount "76"]
[EventDate "1991.09.??"]
[EventType "tourn"]
[EventRounds "9"]
[EventCountry "DEN"]
[EventCategory "10"]
[SourceTitle "CBM 027"]
[Source "ChessBase"]
[SourceDate "1992.04.01"]
[SourceVersion "1"]
[SourceVersionDate "1992.04.01"]
[SourceQuality "1"]

1. e4 c5 2. Nf3 e6 3. d4 cxd4 4. Nxd4 Nc6 5. Nb5 d6 6. c4 Nf6 7. N1c3 a6 8. Na3
Be7 9. Be2 O-O 10. O-O b6 11. Be3 Ne5 12. f4 Ned7 13. Bf3 Bb7 14. Qe2 Qc7 15.
Rac1 h6 (15... Rfe8 16. Rfd1 Rac8 17. g4 h6 18. h4 Nh7 19. Qh2 g5 20. hxg5 hxg5
21. f5 Bf8 22. Kf2 Ndf6 23. Rh1 Bg7 $13 {Gallagher - Suetin, Hastings (open)
1990/91.}) 16. Rfd1 Rac8 17. h4 h5 18. Nab1 g6 19. Nd2 Rfe8 20. b4 Qb8 21. Qf2
Ng4 22. Bxg4 hxg4 23. g3 Ba8 $1 {Schwarz bekommt bald einen starken Angriff
auf der langen Diagonale a8-h1.} 24. a3 f5 25. Kh2 Bf6 26. Bd4 b5 27. cxb5 axb5
28. Bxf6 Nxf6 29. Re1 fxe4 30. Qd4 e5 31. fxe5 Rxe5 32. Rf1 Rf8 33. Rce1 e3 34.
Rxe3 Qb7 35. Rg1 Nd5 36. Rxe5 dxe5 37. Qxd5+ Qxd5 38. Nxd5 Bxd5 0-1

[Event "Belgrade Investbank"]
[Site "Belgrade"]
[Date "1991.??.??"]
[Round "?"]
[White "Nunn, John DM"]
[Black "Ljubojevic, Ljubomir"]
[Result "1-0"]
[WhiteElo "2610"]
[BlackElo "2600"]
[Annotator "Ernst,T"]
[PlyCount "89"]
[EventDate "1991.11.??"]
[EventType "tourn"]
[EventRounds "11"]
[EventCountry "YUG"]
[EventCategory "15"]
[SourceTitle "CBM 027"]
[Source "ChessBase"]
[SourceDate "1992.04.01"]
[SourceVersion "1"]
[SourceVersionDate "1992.04.01"]
[SourceQuality "1"]

1. e4 {Blatny} c5 2. Nf3 e6 3. d4 cxd4 4. Nxd4 Nc6 5. Nb5 d6 6. c4 Nf6 7. N1c3
a6 8. Na3 Be7 (8... d5 9. cxd5 exd5 10. exd5 Nb4 11. Bc4 Bg4 $1 12. Be2 Bxe2
13. Qxe2+ Qe7 $1 $10 {Karpov - Kasparov, Moskau (m/12) 1985.}) (8... d5 9. exd5
exd5 10. cxd5 Nb4 11. Bc4 Bg4 12. Qd4 b5 13. Ncxb5 $1 axb5 14. Bxb5+ Bd7 15. d6
$1 Nc2+ $1 16. Nxc2 Qa5+ 17. Bd2 Qxb5 18. O-O-O $1 Rxa2 19. Rhe1+ Be6 20. Bb4
$1 $44 {Santo-Roman - Kouatly, Cannes 1986.}) (8... d5 9. exd5 exd5 10. cxd5
Nb4 11. Be2 $1 Bc5 $1 12. O-O O-O 13. Bf3 Bf5 14. Bg5 Re8 $1 15. Qd2 b5 16.
Rad1 Nd3 $1 17. Nab1 $2 h6 $1 18. Bh4 b4 $1 19. Na4 Bd6 20. Bg3 Rc8 21. b3 g5
$3 $17 {Karpov - Kasparov, Moskau (m/16) 1985.}) (8... d5 9. exd5 exd5 10. cxd5
Nb4 11. Be2 $1 Bc5 $1 12. Be3 $1 Bxe3 13. Qa4+ Nd7 14. Qxb4 Bc5 15. Qe4+ Kf8
16. O-O b5 17. Nc2 $16 {Karpov - van der Wiel, Brüssel 1986.}) (8... d5 9. exd5
exd5 10. cxd5 Nb4 11. Be2 $1 Nbxd5 12. O-O Be7 13. Nxd5 Qxd5 14. Bf3 Qxd1 15.
Rxd1 O-O 16. Bf4 $16) (8... b6 9. Be2 Bb7 10. O-O Nb8 11. f3 Be7 12. Be3 Nbd7
13. Qd2 O-O 14. Rfd1 Qc7 15. Rac1 Rac8 16. Kh1 Qb8 17. Bf1 Kh8 18. Nc2 Rg8 19.
b3 Bc6 20. Bg1 g5 21. Re1 $1 Rg6 22. Nd5 $1 $14 {Anand - Zso. Polgar, New
Delhi 1990.}) 9. Be2 O-O 10. O-O b6 11. Be3 Bb7 (11... Ne5 12. f3 Bb7 13. Qb3
Ned7 14. Rfd1 Qc7 15. Rac1 Rac8 16. Bf1 Rfe8 17. Kh1 h6 18. Bg1 Kh8 19. Ne2 $1
Qb8 20. Nc2 Bd8 21. Nc3 $1 Nc5 22. Qa3 Be7 23. b4 Ncd7 24. Qb3 $14 {Stoica -
Liang Jinrong, Timisoara 1987.}) (11... Ne5 12. f3 Bb7 13. Qb3 Ned7 14. Rfd1
Qc7 15. Rac1 Rac8 16. Bf1 Rfe8 17. Kh1 Bf8 18. Bg1 g6 19. Ne2 Qb8 20. Nc2 Qa8
21. Nc3 Rb8 22. a3 Nc5 23. Qa2 Rbc8 24. b4 Ncd7 25. Qb3 Qb8 26. Na4 Bc6 $14 {
Ljubojevic - Portisch, Linares 1985.}) (11... Bd7 12. f3 Qb8 13. Qe1 Ra7 14.
Qf2 Rb7 15. Rfd1 Rd8 16. Rac1 Be8 17. Kh1 Nd7 18. Qf1 Bf6 19. Nab1 Nc5 20. f4
Be7 21. b3 h6 22. Rd2 Rc8 23. Rcd1 Rd8 $14 {Matulovic - W.Schmidt, Vrnjacka
Banja 1983. 24.Tb2!.}) 12. Qb3 (12. f3 {--> Nikolenko-Frolov}) (12. f4 {
--> Nielsen-Razuvayev}) 12... Nd7 (12... Na5 $6 13. Qxb6 Nxe4 14. Nxe4 Bxe4 15.
Qxd8 Bxd8 16. Rad1 $14 {Karpov - Kasparov, Moskau 1984/5.}) 13. Rfd1 Nc5 (13...
Re8 14. Rac1 Bf8 15. Bf1 Rc8 16. Qc2 Nce5 17. h3 Qc7 18. f3 $14 {Karpov -
Romanishin, URS 1981.}) (13... Rb8 14. Rac1 Ba8 15. Rd2 Rb7 16. Qd1 Qb8 17. Qf1
Nf6 18. f4 Rc7 $14 {A.Rodriguez - Kirov, Havanna 1986. 19.Df2! mit starkem
Druck gegen den schwarzen Damenflügel. (Nunn).}) 14. Qc2 Bf6 (14... Qc7 15. Qd2
$1 Ne5 16. f3 Rac8 17. Rac1 Rfd8 18. Qe1 Ng6 19. Qf2 Bf6 20. b4 Nd7 21. Na4 Rb8
22. Bf1 $14 {Akopian - Semkov, Erevan 1988.}) (14... Qc7 15. Qd2 $1 Rad8 16.
Nc2 Ne5 17. f3 Ncd7 18. Rac1 Nf6 19. Nd4 $14 {Karpov - Small, Luzern (ol) 1982.
}) 15. Rac1 (15. f3 {--> Yudasin-Rublevsky}) 15... Bxc3 (15... Qc7 16. Qd2 Bxc3
17. Qxc3 Nxe4 18. Qd3 Ne5 19. Qd4 Nd7 20. b4 f5 21. f3 e5 22. Qd3 f4 23. fxe4
fxe3 24. Qxd6 Qxd6 25. Rxd6 Nf6 26. Rxb6 Bxe4 27. Nc2 $14 {Ernst - Tozer,
London 1991.}) (15... Be5 16. Nab1 Qh4 17. g3 Qf6 18. f4 Bd4 19. Qd2 e5 20. Nd5
Qd8 21. Nbc3 Kh8 22. f5 Nd7 23. Bf3 Bc5 24. Kg2 f6 25. Ne2 $16 {Karpov -
Olafsson, Amsterdam 1976.}) (15... Be5 16. Nab1 Qh4 17. g3 Qf6 18. f4 Bd4 19.
Qd2 e5 20. Nd5 Qd8 21. Nbc3 Bxe3+ 22. Qxe3 exf4 23. gxf4 Re8 24. b4 Nd7 25. Bf3
$14 {Westerinen - Liberzon, Genf 1977.}) 16. Qxc3 (16. bxc3 $2 {קc3,c4}) 16...
Nxe4 17. Qb3 $1 {In seinem Buch "Beating the Sicilian 2" empfiehlt Nunn 17.Dd3
Se5 18.Dd4 mit Vorteil.} Rb8 (17... Nc5 18. Bxc5 $18 {ףd8,Bb7}) 18. Bxb6 Qf6
19. Qe3 Ba8 (19... Qxb2 $2 20. Rb1 Qxa2 {20.-De5 21.Lc7} 21. f3 Nc3 {21.-Sf6
22.Td2 gewinnt die Dame.} 22. Qxc3 Qxe2 23. Re1 Qa2 24. Ra1 $18) (19... Qxb2)
20. b3 Qb2 21. Bf3 Ne5 (21... Qxa3 22. Bxe4 Qxa2 23. Bb1 Qb2) 22. Bxe4 Bxe4 23.
Bc7 (23. Qxe4 Rxb6 {פa3,Pa2,b3}) 23... Rbc8 (23... Qxa3 24. Bxb8 Rxb8 25. Qxe4
$18) 24. Bxd6 $16 Rfd8 25. f3 (25. Bxe5 Rxd1+ 26. Rxd1 Qxe5 27. f3) 25... Rxd6
(25... Ba8 26. Qxe5 $18) 26. Rxd6 Nd3 (26... Bg6 27. Rcd1 h5 28. R6d2 Qxa3 29.
Qxe5 $18) 27. Rd1 Qxa3 28. Qb6 (28. fxe4 Qxd6 29. Qxd3) (28. Qxe4 Qxd6 29. Rxd3
) 28... Bg6 29. R1xd3 Bxd3 30. Rd8+ $1 {Eine schöne Abwicklung zu einem
gewonnenen Damenendspiel.} (30. Rxd3 Qc1+ 31. Kf2 Qb2+ 32. Ke3 Qe5+) 30... Rxd8
31. Qxd8+ Qf8 32. Qxd3 Qc5+ 33. Kf1 h5 34. Qc3 h4 35. b4 Qd6 36. c5 Qxh2 37. c6
Qc7 38. a4 Kf8 39. b5 axb5 40. axb5 g5 41. b6 Qxb6 42. c7 Qb1+ 43. Ke2 Qb5+ (
43... Qa2+ 44. Kd1 Qb1+ 45. Kd2 Qa2+ 46. Kc1 $18) 44. Ke1 Qb1+ 45. Kd2 1-0

[Event "Helsinki op"]
[Site "Helsinki"]
[Date "1992.??.??"]
[Round "4"]
[White "Ernst, Thomas"]
[Black "Brodsky, Michail"]
[Result "1/2-1/2"]
[WhiteElo "2570"]
[BlackElo "2540"]
[Annotator "Ernst,T"]
[PlyCount "31"]
[EventDate "1992.09.??"]
[EventType "swiss"]
[EventRounds "9"]
[EventCountry "FIN"]
[SourceTitle "CBM 032"]
[Source "ChessBase"]
[SourceDate "1993.02.01"]
[SourceVersion "1"]
[SourceVersionDate "1993.02.01"]
[SourceQuality "1"]

1. e4 c5 2. Nf3 e6 3. d4 cxd4 4. Nxd4 Nc6 5. Nb5 d6 6. c4 Nf6 7. N1c3 a6 8. Na3
d5 9. exd5 exd5 10. cxd5 Nb4 11. Be2 (11. Bc4 Bg4 12. Be2 (12. f3 Bf5 13. O-O
Bc5+ 14. Kh1 O-O 15. Bg5 Qd6 16. Qd2 b5 $44) (12. Qd4 b5 13. Ncxb5 $5 axb5 14.
Bxb5+ Bd7 15. d6 Nc2+ 16. Nxc2 Qa5+ 17. Bd2 Qxb5 18. O-O-O Rxa2 $6 (18... Qd5
19. Rhe1+ Be6 20. Qe3 Bxd6 21. Bc3 Qc5 (21... Qc6 $2 22. Nd4 Qd7 23. Nf5 $1 $16
) 22. Qf3 O-O $1 (22... Rxa2 23. Kb1 Ra6 24. Bxf6 gxf6 25. Qxf6 Rf8 26. Rxe6+
fxe6 27. Qxe6+ Kd8 $17) 23. Bxf6 gxf6 24. Qxf6 Rfc8 25. Rd2 Be7 $17 {
Koronowski,HJ-Oehlenschlaeger, CC-BDF-Meisterklasse-Vorr J22 1986.}) (18... Be6
19. Bb4 Kd7 20. Rhe1 Qc4 21. Qb6 Qc6 22. Qxc6+ Kxc6 23. Re5 Nd5 24. Rdxd5 Bxd5
25. Nd4+ Kd7 26. Rxd5 Rxa2 27. Rb5 Ra7 28. Kb1 Kc8 29. Nc6 Rb7 30. Rxb7 Kxb7
31. Nd8+ {Jadoul-Varnusz/EU-CUP/1986/1-0 (42)}) 19. Rhe1+ Be6 20. Bb4 Qc6 21.
Kb1 Ra8 22. f4 Kd7 23. Re5 Ba2+ 24. Kc1 Bd5 25. Rd3 Bxd6 26. Bxd6 Rhc8 27. Re7+
Kd8 28. Rc3 Qxd6 29. Rxf7 Rxc3 30. bxc3 Ne8 31. Rf8 Ke7 32. Rf5 Be6 33. Qe4 Rc8
34. Re5 Nf6 35. Qe3 Ng4 36. Qg3 Nxe5 37. fxe5 Qc6 38. Qxg7+ Bf7 39. Qg5+ Ke8 {
Santo Roman,M-Kouatly,B/Cannes/1986/0-1/39/}) 12... Bxe2 13. Qxe2+ Qe7 14. Be3
Nbxd5 15. Nc2 Nxe3 16. Nxe3 Qe6 17. O-O Bc5 18. Rfe1 O-O {Karpov,A-Kasparov,G 
(12)/WCH-KK2 Moscow/1985/remis/18/}) 11... Nfxd5 $1 (11... Bc5 $6 12. Be3 $1 (
12. O-O O-O 13. Bf3 (13. Bg5 Nbxd5 14. Nxd5 Qxd5 15. Qxd5 Nxd5 16. Bf3 Be6 17.
Rfd1 Nf6 18. Rac1 Bxa3 19. bxa3 Bg4 20. Bxb7 Rab8 21. Bf3 Bxf3 22. gxf3 Rb6 23.
Be3 Re6 24. a4 h6 25. Rc7 Rb8 26. a5 Rb5 27. Rd8+ Kh7 28. Rxf7 Nd5 29. Bd4 Rb1+
30. Kg2 Rg6+ 31. Kh3 {Barbulescu,D-Wirthensohn,H/WCchT Luzern/1985/1-0/35/})
13... Bf5 14. Bg5 Re8 15. Qd2 b5 16. Rad1 Nd3 {Karpov,An-Kasparov,G/Wch-KK2
Leningrad/0-1/40/}) 12... Bxe3 13. Qa4+ Nd7 14. Qxb4 Bc5 15. Qe4+ Kf8 16. O-O
b5 17. Nc2 $16 {Karpov,A- Van der Wiel,J, Bruxelles 1986.}) 12. O-O Be6 13.
Nxd5 Qxd5 14. Bf3 Qxd1 15. Rxd1 Be7 16. Bxb7 $10 1/2-1/2

[Event "Interzonal-16"]
[Site "Biel"]
[Date "1993.??.??"]
[Round "11"]
[White "Ivanchuk, Vassily"]
[Black "Granda Zuniga, Julio E"]
[Result "1-0"]
[WhiteElo "2705"]
[BlackElo "2605"]
[Annotator "Ftacnik,L"]
[PlyCount "73"]
[EventDate "1993.07.16"]
[EventType "swiss"]
[EventRounds "13"]
[EventCountry "SUI"]
[SourceTitle "CBM 037"]
[Source "ChessBase"]
[SourceDate "1993.12.01"]
[SourceVersion "1"]
[SourceVersionDate "1993.12.01"]
[SourceQuality "1"]

1. e4 c5 2. Nf3 Nc6 3. d4 cxd4 4. Nxd4 e6 5. Nb5 d6 6. c4 a6 7. N5c3 Nf6 8. Be2
Be7 9. O-O O-O 10. Be3 b6 11. Na3 Bb7 12. f4 Rc8 (12... Nd7 13. Bf3 Rc8 14. Rc1
Nc5 15. Qe2 (15. Nab1 Qc7 16. a3 Qb8 17. b4 Nd7 18. Qe2 Ba8 19. Rfd1 Rc7 20.
Nd2 Rfc8 21. b5 axb5 22. Nxb5 Rb7 23. Nb3 Nc5 24. Nxc5 $15 {Mircov,A-Balashov,
Y/Cappelle op (5)/1992/}) 15... Qc7 16. Rfd1 Qb8 17. Nab1 Kh8 18. Qf2 g5 19. g3
gxf4 20. gxf4 f5 21. exf5 Rxf5 22. Kh1 Ne5 23. Bxb7 Qxb7+ 24. Qg2 $13 {Sanchez
Almeyra,J-Pogorelov,R/Barcelona UGA/1992/}) 13. Rc1 Re8 14. Bf3 Bf8 (14... Nd7
15. Qe2 Qc7 16. Rfd1 Na5 17. Nd5 exd5 18. cxd5 Qd8 19. b4 Rxc1 20. Rxc1 b5 21.
bxa5 Qxa5 22. Nb1 Bd8 23. Qd2 f5 24. e5 $17 {Merant,N-Rublevsky,S/Duisburg
WchJM-U18/1992/}) 15. Qe2 Nd7 16. Rfd1 Qc7 17. Nab1 Nc5 18. Rd2 Qb8 19. Rcd1 g6
20. b3 Ba8 (20... Rcd8 21. g4 Bg7 $14) 21. g4 Rcd8 22. h4 Bg7 23. h5 g5 $6 (
23... e5 $5 $14) 24. fxg5 d5 (24... Ne5 25. b4 Nxf3+ (25... Ncd7 26. Bg2 $16)
26. Qxf3 Nd7 27. Qe2 $16) 25. exd5 exd5 (25... Qg3+ 26. Qg2 Qxg2+ 27. Bxg2 exd5
28. Nxd5 $18) 26. Nxd5 Ne5 27. Ne7+ $1 Kf8 28. Bxa8 Rxd2 (28... Qxa8 29. Nd5
$18) 29. Nxd2 Rxe7 (29... Qxa8 30. Nf5 $18) 30. Bd5 Nxg4 31. Qxg4 Rxe3 32. Nf1
$1 Re5 (32... Qe5 33. Nxe3 Qxe3+ 34. Kg2 $18) 33. Ng3 Qd8 (33... Re3 34. Nf5
Rd3 35. Rxd3 Nxd3 36. Qe4 $18) 34. Rf1 Rxg5 (34... Rxd5 35. cxd5 $18) (34...
Qxg5 35. Qc8+ Ke7 36. Rxf7+ Kd6 37. Qc7#) 35. Rxf7+ Ke8 (35... Kg8 36. Rd7+ $18
) 36. Qf4 Nd7 (36... Rxd5 37. cxd5 Bd4+ 38. Kf1 Qxd5 39. Rf5 $18) 37. Rf8+ $1
1-0

[Event "ISR-chT"]
[Site "Israel"]
[Date "2004.01.31"]
[Round "5"]
[White "Erenburg, Sergey"]
[Black "Gofshtein, Leonid D"]
[Result "0-1"]
[WhiteElo "2523"]
[BlackElo "2522"]
[Annotator "Gofshtein,L"]
[PlyCount "78"]
[EventDate "2004.01.03"]
[EventType "team"]
[EventRounds "11"]
[EventCountry "ISR"]
[SourceTitle "CBM 099"]
[Source "ChessBase"]
[SourceDate "2004.03.30"]
[SourceVersion "1"]
[SourceVersionDate "2004.03.30"]
[SourceQuality "1"]

1. e4 {[%mdl 4]} c5 2. Nf3 e6 3. d4 cxd4 4. Nxd4 Nc6 5. Nb5 d6 6. Bf4 e5 7. Be3
Be6 8. Nd2 Nf6 9. Bg5 a6 {Black gets a torn pawn structure but gets a pair of
bishops and the active piece play as a compensation. Another possibility 9...
Be7 also leads to a position with good counterplay} 10. Bxf6 (10. Nc3 d5 11.
exd5 Bxd5 $132) 10... gxf6 11. Nc3 f5 12. Bc4 Qg5 $5 {[%cal Rg5g2,Rg5d2,Gg5h5]
Preparing long castle and transfering the queen to a more active place} 13. g3
(13. O-O Nd4 (13... O-O-O $132) 14. exf5 Rg8 15. g3 Qxf5 $132 {1-0 Korzubov,
P-Grigorian,K/Moscow 1983/EXT 2002 (40)}) 13... O-O-O $5 {Firstly putting the
king on the queenside} (13... Bg7 $6 14. h4 Qh6 15. exf5 Bxf5 16. g4 $36 {
0-1 McShane,L-Stefansson,H/Reykjavik 2000/CBM 75 ext (39)}) 14. Qe2 {[%mdl 8]
White prepares a long castle. 14.Nf3 was not dangerous as the variations show}
(14. Nf3 Qh5 15. Bd5 Bxd5 (15... fxe4 $5 16. Nxe4 Bxd5 17. Qxd5 Nb4 18. Qc4+
Kb8 19. Qxb4 Qxf3 $132) 16. exd5 Ne7 17. Qe2 Bh6 $132 {1-0 Aseev,K-Vitiugov,N/
St Petersburg 2003/EXT 2004 (76)}) 14... Bh6 $5 {Black has a fine piece play.
14...Nd4 was possible as well with active counterplay} (14... Nd4 $5 15. Qd3
Qh5) 15. O-O-O fxe4 (15... Nd4 16. Qd3 Qg6 $132) 16. Qxe4 {White tries not to
let the advance d6-d5} (16. Bxe6+ fxe6 17. Ncxe4 Qg6 18. c3 d5 $132) 16... Bf5
17. Qg2 $2 {White doesn't feel the danger and puts his queen too far away from
the main theatre of action. In case of 17.Qd5 in spite of the seeming danger
to white it's not clear how to exploit the activity of the black pieces.
Probably in this case it would be correct to take a draw with 17...Be6 18.Qe4
Bf5} (17. Qd5 $8 Be6 (17... Bxc2 $6 18. Bxa6 Kb8 19. Qxf7) (17... Nd4 18. f4
Qg6 19. Qa5 Bxc2 20. Nd5 $40) 18. Qe4 $11) 17... Qg6 {[%cal Rf5c2]} 18. Bd5 {
[%cal Rd5c6]} Kc7 19. h4 {Defending against the threat 19...Bc2} (19. Bb3 Kb8
$36) 19... Bg4 $1 20. f3 $2 {White falls in a trap. After 20.Be4 f5 21.Bf3 the
position was still unclear.} (20. Be4 $8 f5 21. Bf3 Nd4 (21... Bxf3 22. Qxf3 e4
23. Nd5+ Kb8 24. Qb3) 22. Bxb7 (22. Bxg4 fxg4 $17) 22... Bxd1 23. Rxd1) 20...
Nd4 $1 21. Be4 Bxf3 $3 {[%mdl 64] A beautiful tactical strike concluding the
game at once.} 22. Bxg6 (22. Qxf3 Nxf3 23. Bxg6 fxg6 $19) 22... Bxg2 23. Rhg1
hxg6 (23... Bf3 $5 24. Bxf7 Bxd1 25. Rxd1 Nf3 26. Ncb1 d5 $19) 24. Rxg2 Nf3 25.
Ncb1 e4 26. Rh1 d5 {The extra pawn and the dominating position of pieces make
white's position undefendable.} 27. Kd1 Ne5 28. Nc3 f5 {[%csl Rg4][%cal Re5g4]}
29. Ne2 Ng4 30. Nf1 d4 $19 31. Nf4 Bxf4 32. gxf4 Rh7 {[%csl Rh4] Threatening
to double the rooks on the h-file} 33. Rxg4 {A despair sacrifice} fxg4 34. Ng3
e3 35. Ke2 Rf8 36. c3 dxc3 37. bxc3 Rxf4 38. Nf1 Re7 39. Rh2 Ra4 0-1

[Event "Reykjavik zt"]
[Site "Reykjavik"]
[Date "1995.??.??"]
[Round "1"]
[White "Sammalvuo, Tapani"]
[Black "Cramling, Pia"]
[Result "0-1"]
[WhiteElo "2390"]
[BlackElo "2520"]
[Annotator "Hecht,H"]
[PlyCount "98"]
[EventDate "1995.03.??"]
[EventType "swiss"]
[EventRounds "11"]
[EventCountry "ISL"]
[SourceTitle "CBM 047"]
[Source "ChessBase"]
[SourceDate "1995.08.01"]
[SourceVersion "1"]
[SourceVersionDate "1995.08.01"]
[SourceQuality "1"]

1. e4 c5 2. Nf3 e6 3. d4 cxd4 4. Nxd4 Nc6 5. Nb5 d6 6. c4 Nf6 7. N1c3 a6 8. Na3
Be7 9. Be2 O-O 10. O-O b6 11. Be3 Bb7 12. Qb3 Nd7 13. Rfd1 Nc5 14. Qc2 Bf6 15.
Rac1 Bxc3 16. Qxc3 Nxe4 17. Qb3 Rb8 18. Bxb6 Qe7 19. Qe3 Ba8 20. Qxe4 Rxb6 21.
b3 Qg5 22. Qe3 Qc5 23. Bf3 Ne5 24. Bxa8 Rxa8 25. Qxc5 dxc5 26. f4 Nc6 27. Rd6
Rab8 28. Rcd1 Kf8 29. Nb1 Nd4 30. Rxb6 Rxb6 31. Nc3 Rc6 32. Kf2 Ke7 33. Ne4 Nf5
34. Rd3 Nd6 35. Nxd6 Rxd6 36. Ke3 Rxd3+ 37. Kxd3 {Hecht: 6P<->6P. Blockierte
wBauernmajorität am Damenflügel.} a5 38. Ke3 (38. a3 f6 39. Kc3 e5 40. fxe5 (
40. f5 g6 41. g4 (41. fxg6 hxg6 42. Kd3 f5 $19) 41... gxf5 42. gxf5 e4 43. Kd2
Kd6 44. Ke3 Ke5 $19) 40... fxe5 41. b4 cxb4+ 42. axb4 a4 43. b5 a3 44. Kb3 e4
45. Kxa3 e3 46. b6 Kd6 $19) 38... h5 39. Kf3 Kd6 40. Ke3 f6 41. g3 g6 42. Ke4
Ke7 43. h3 Kd6 44. a3 h4 {Bauernhebel} 45. gxh4 (45. g4 f5+ 46. Kf3 e5 $19)
45... f5+ 46. Kd3 e5 47. Ke3 Ke6 48. Kf3 (48. fxe5 Kxe5 49. Kf3 f4 50. Kf2 Ke4
51. Ke2 f3+ 52. Kf2 Kf4 53. b4 axb4 54. axb4 cxb4 55. c5 b3 56. c6 b2 57. c7
b1=Q 58. c8=Q Qb2+ 59. Kf1 Qe2+ 60. Kg1 Qg2#) 48... e4+ 49. Ke3 {Gedeckter
Freibauer} a4 {Bauernhebel} 0-1

[Event "Linares zt"]
[Site "Linares"]
[Date "1995.??.??"]
[Round "9"]
[White "Santo Roman, Marc"]
[Black "Berend, Fred"]
[Result "1/2-1/2"]
[WhiteElo "2485"]
[BlackElo "2415"]
[Annotator "Hecht,H"]
[PlyCount "207"]
[EventDate "1995.11.??"]
[EventType "swiss"]
[EventRounds "11"]
[EventCountry "ESP"]
[SourceTitle "CBM 051"]
[Source "ChessBase"]
[SourceDate "1996.04.01"]
[SourceVersion "1"]
[SourceVersionDate "1996.04.01"]
[SourceQuality "1"]

1. e4 c5 2. Nf3 e6 3. d4 cxd4 4. Nxd4 Nc6 5. Nb5 d6 6. c4 Nf6 7. N5c3 b6 8. Be2
Bb7 9. Bf4 a6 10. O-O Qc7 11. Re1 Be7 12. Nd2 O-O 13. Rc1 Ne5 14. Bg3 Rfe8 15.
b4 Rac8 16. a3 Qb8 17. Bf1 Qa8 18. f4 Ng6 19. e5 dxe5 20. fxe5 Nd7 21. Nf3 Red8
22. Qe2 a5 23. Rb1 h5 24. Ne4 h4 25. Bf2 h3 26. Bg3 hxg2 27. Bxg2 axb4 28. axb4
Qa3 29. Nd6 Bxf3 30. Bxf3 Ndxe5 31. Nxc8 Nxf3+ 32. Kh1 Rxc8 33. Ra1 Qxb4 34.
Qxf3 Qxc4 35. Ra8 Nf8 36. Rxc8 Qxc8 37. Ra1 Qc2 38. Ra7 Qc5 39. Qb7 Ng6 40.
Ra8+ Kh7 41. Qe4 Qc1+ 42. Kg2 Qd2+ 43. Kf1 Qd1+ 44. Kg2 Bc5 45. Qc4 Qg1+ 46.
Kh3 Qe3 47. Qg4 Qh6+ 48. Kg2 Qd2+ 49. Kh3 Qd5 50. Ra7 Kg8 51. Rc7 Ne7 52. Qh4
f6 53. Qg4 Qf5 54. Qxf5 Nxf5 55. Kg4 Kh7 56. Bf4 Ne7 57. Rb7 Nd5 58. h4 f5+ 59.
Kf3 Bd4 60. Rd7 Kg6 61. Bd2 Bc5 62. h5+ Kf6 63. Be1 Bd4 64. Bd2 Be5 65. Ke2 Bb2
66. Kf3 Bd4 67. Kg3 Bc5 68. Kf3 b5 69. Be1 Bd4 70. Ba5 Kg5 71. Rd6 b4 72. Bxb4
Nxb4 73. Rxd4 {T-S+3B: 2 verbundene + 1 Einzel-Freibauer} Nd5 74. Ra4 Nf6 (
74... Kxh5 75. Ra6 e5 76. Ra5 e4+ 77. Kf2 Ne7 78. Re5 $10) (74... e5 $5 75. Ra5
(75. h6 e4+ 76. Kf2 gxh6 $17 77. Ra8 f4 78. Rg8+ Kf5 79. Rh8 Nf6 80. Kg2 h5 {
Gewinn? - Analyse!}) 75... e4+ 76. Kf2 (76. Kg3 Nf6 77. h6 g6) 76... Nf6 77. h6
Ng4+ $19) 75. h6 gxh6 76. Ra7 Ng4 77. Rg7+ Kf6 78. Rg8 e5 79. Rf8+ Kg6 80. Rg8+
Kf7 81. Ra8 h5 82. Kg3 Nf6 83. Kh4 Kg6 84. Ra5 e4 85. Re5 Ng4 86. Re6+ Kf7 87.
Ra6 e3 88. Kg3 Ne5 89. Ra2 Ng6 90. Kf3 f4 91. Ra5 h4 92. Rh5 Kf6 93. Ra5 Kf7
94. Rb5 Kg7 95. Rh5 Kf6 96. Ra5 h3 97. Rh5 Ne5+ 98. Ke2 Nc6 99. Rxh3 Nd4+ 100.
Kd3 Ke5 101. Rh5+ Nf5 102. Rg5 Ke6 103. Rg8 Ng3 104. Rxg3 1/2-1/2